| 000 | 00426nam a22001217a 4500 | ||
|---|---|---|---|
| 082 | _a954.912 RAZ'F | ||
| 100 |
_aRAZVI, S. M. MUJTABA DR _963872 |
||
| 245 | _aFRONTIERS OF PAKISTAN A STUDY OF FRONTIER PROBLEMS IN PAKISTAN FOREIGN POLICY | ||
| 260 |
_aRAWALPINDI _bARMY EDUCATIONAL PRESS _c1971 |
||
| 300 | _a339P | ||
| 650 |
_aFRONTIERS OF PAKISTAN.A STUDY OF FRONTIER PROBLEMS IN PAKISTAN FOREIGN POLICY _963873 |
||
| 942 | _cBK | ||
| 999 |
_c572568 _d572568 |
||